| 000 | 00332nam a22001217a 4500 | ||
|---|---|---|---|
| 020 | _a0-946536-24-4 | ||
| 082 | _a621.3815322 ROM'P | ||
| 100 |
_aROMBAUT, C, BAUSIERE, R, SEGUIER, GUY _965781 |
||
| 245 | _aPOWER ELECTROICS CONVERTERS, AC-AC CONVERSION | ||
| 260 |
_aKOGAN PAGE _bNORTH OXFORD _c1987 |
||
| 300 | _aVOL-2 | ||
| 942 | _cBK | ||
| 999 |
_c573892 _d573892 |
||